MARC

LEADER 00000nam0a2200000 4500
001 294277
005 20231102000659.0
020 |a RU  |b 84-17621 
035 |a (RuTPU)RU\TPU\book\319332 
090 |a 294277 
100 |a 20150512d1983 m y0rusy5003 ca 
101 0 |a rus 
102 |a RU 
105 |a a j 001zy 
200 1 |a Теория эксперимента  |e учебное пособие  |f В. С. Трусов 
210 |a Томск  |c Изд-во Томского ун-та  |d 1983 
215 |a 183 с.  |c ил. 
320 |a Библиогр.: с. 181. 
606 1 |a Эксперимент  |x Планирование  |x Математические методы  |2 stltpush  |3 (RuTPU)RU\TPU\subj\26780  |9 50633 
610 1 |a математическая статистика 
610 1 |a линейный регрессионный анализ 
610 1 |a гипотезы 
610 1 |a оценки 
610 1 |a интервальное оценивание 
610 1 |a регрессионные эксперименты 
610 1 |a дисперсионный анализ 
610 1 |a ортогональные планы 
610 1 |a учебные пособия 
675 |a 519.242(075.8)  |z rus  |v 3 
700 1 |a Трусов  |b В. С.  |g Владимир Сергеевич  |4 070 
801 0 |a RU  |b RuMRKP  |c 19950704  |g psbo 
801 1 |a RU  |b 63413507  |c 20150512 
801 2 |a RU  |b 63413507  |c 20180425  |g RCR 
942 |c BK